| 000 | 00862cab a2200229 4500 | ||
|---|---|---|---|
| 001 | ABS49846 | ||
| 008 | 090401t1993 xxu||||| |||| 00| 0 eng d | ||
| 035 | _a(Sirsi) u72992 | ||
| 041 | _aeng | ||
| 245 | _aVOB/B general conditions of contract relating to the execution of construction work | ||
| 260 | _c1993 | ||
| 350 | _a0 | ||
| 490 |
_aKonstrukt Germany _v2(3) Third quarter 1993, 14-15(2) |
||
| 520 | _aIntroduces the Verdingungsordnung fur Bauleistung contract conditions practiced in Germany, differentiating between the A, B and C codes, and reproducing the translated contents of VOB/B. | ||
| 650 | _aBUILT ENVIRONMENT-BUILDING CONTRACT FORMS | ||
| 650 | _aGERMANY | ||
| 650 | _aVOB/B GENERAL CONDITIONS OF CONTRACT | ||
| 690 | _aBUILT ENVIRONMENT-BUILDING CONTRACT FORMS | ||
| 690 | _aOVERSEAS-EUROPE | ||
| 942 | _n0 | ||
| 948 | _c04/03/1997 | ||
| 999 |
_c46149 _d46149 |
||